| 000 | 00647nam a22001817a 4500 | ||
|---|---|---|---|
| 005 | 20240919143705.0 | ||
| 010 | _aENG-141013 ENG-141013 | ||
| 020 |
_c1395.00 _a9789354791994 |
||
| 035 | _aEN-124545 | ||
| 037 | _bDBAD | ||
| 082 | _a320.954 | ||
| 100 |
_aWanjari, Dhananjay Soindaji _971782 |
||
| 245 |
_aInheritance Hierarchy and Caste : _borigins of political decay in india / _cby Dhananjay Soindaji Wanjari, |
||
| 260 |
_aNew Delhi _bSage Publication _c2022 |
||
| 270 |
_aB1/l - 1 mohan cooperative Indusrtrial area _bNew Delhi _e110044 |
||
| 300 |
_a312P. _c22cm,(hb) |
||
| 942 |
_2ddc _cEN _h320.954 _mWAN |
||
| 999 |
_c204536 _d204536 |
||